Magnum. Hojas de contacto.

Guardat en:
Dades bibliogràfiques
Autor principal: Lubben, Kristen (edición)
Altres autors: Rodríguez Arias, Alfonso (traducción, documentación)
Format: Llibre
Idioma:espanyol
Publicat: Barcelona, España: Blume, 2018.
Edició:Nueva edición.
Matèries:
Etiquetes: Afegir etiqueta
Sense etiquetes, Sigues el primer a etiquetar aquest registre!

MARC

LEADER 00000nam a22000007a 4500
003 CL-VaPUC
005 20250407202434.0
008 250128t2018 ||||| |||| 00| 0 spa d
999 |c 446913  |d 446911 
020 |a 978-84-17492-04-5 
040 |c Pontificia Universidad Católica de Valparaíso 
082 |2 22  |a 779.2092 LUB 2018 
100 |9 895952  |a Lubben, Kristen  |e edición 
245 |a Magnum.  |b Hojas de contacto. 
250 |a Nueva edición. 
260 |a Barcelona, España:  |b Blume,  |c 2018. 
300 |a 524 páginas:  |b fotografías. 
500 |a c.1-c.2: Instituto Arcos. 08-01-2025 
583 |c 20250128  |k Yessy Sthefany Diaz Vidal 
650 0 |9 269391  |a Fotografía artística  |x Métodos, edición, etc.  |z Siglos 20-21 
650 0 |9 269391  |a Fotografía artística  |x Hechos históricos  |z Siglos 20-21 
650 0 |9 327623  |a Fotógrafos  |v Compilación  |z Siglos 20-21 
700 |9 895966  |a Rodríguez Arias, Alfonso  |e traducción  |e documentación 
942 |2 ddc  |c BK  |n 0 
952 |0 0  |1 0  |2 ddc  |4 0  |6 779_209200000000000_LUB_2018  |7 0  |8 A  |9 600053  |a BIBINC  |b BIBINC  |d 2025-01-28  |e Instituto Arcos  |i 5664900  |o 779.2092 LUB 2018  |p 5664900  |r 2025-01-28  |t 1  |w 2025-01-28  |y BK  |k IFP 
952 |0 0  |1 0  |2 ddc  |4 0  |6 779_209200000000000_LUB_2018  |7 0  |8 A  |9 601858  |a BIBINC  |b BIBINC  |d 2025-03-24  |e Instituto Arcos  |i 5666720  |o 779.2092 LUB 2018  |p 5666720  |r 2025-03-24  |t 2  |w 2025-03-24  |y BK  |k IFP